|
|
|
|
| LEADER |
01111naa a2200229 i 4500 |
| 001 |
acta63566 |
| 005 |
20230616094829.0 |
| 008 |
191209s2014 hu o 1|| hun d |
| 020 |
|
|
|a 978 963 306 333 0
|
| 040 |
|
|
|a SZTE Egyetemi Kiadványok Repozitórium
|b hun
|
| 041 |
|
|
|a hun
|
| 100 |
1 |
|
|a Glässer Norbert
|
| 245 |
1 |
0 |
|a Magyar Makkabeusok a császár-király seregében
|h [elektronikus dokumentum] :
|b a Habsburg dinasztia és nemzet iránti hűség az első világháborús magyar zsidó sajtópropagandában : [absztrakt] /
|c Glässer Norbert
|
| 260 |
|
|
|a Primaware
|b Szeged
|c 2014
|
| 300 |
|
|
|a 45-46
|
| 490 |
0 |
|
|a Az I. világháború információtörténetéhez : előadás-kivonatok
|
| 650 |
|
4 |
|a Bölcsészettudományok
|
| 650 |
|
4 |
|a Történettudomány és régészet
|
| 695 |
|
|
|a Világháború - 1. - előadáskivonat, Propaganda - háborús - világháború - 1. - előadáskivonat
|
| 700 |
0 |
1 |
|a Zima András
|e aut
|
| 711 |
|
|
|a Az első világháború információtörténetéhez
|c Szeged
|d 2014. október 8.
|
| 856 |
4 |
0 |
|u http://acta.bibl.u-szeged.hu/63566/1/elso_vilaghaboru_045-046.pdf
|z Dokumentum-elérés
|